000 00360nam a2200145Ia 4500
008 240624s9999 xx 000 0 und d
041 _aeng
082 _a658.421 NAG
100 _aNAGENDRA S
245 _aENTREPRENEURSHIP AND MANAGEMENT
250 _a11
260 _c2008
_aNew Delhi
_bPearson Education
300 _a304 : p. : cm. ; 23
365 _cRS
_b30
999 _c17881
_d17881